Govt. of
Madhya Pradesh

ग्रंथालय सूचीकरण एक अध्‍ययन (Record no. 64686)

MARC details
000 -LEADER
fixed length control field 00416nam a2200109Ia 4500
008 - FIXED-LENGTH DATA ELEMENTS--GENERAL INFORMATION
fixed length control field 221009s9999 xx 000 0 und d
082 ## - DEWEY DECIMAL CLASSIFICATION NUMBER
Classification number 020
100 ## - MAIN ENTRY--PERSONAL NAME
Personal name श्‍यामसुन्‍दर अग्रवाल
9 (RLIN) 36836
245 #0 - TITLE STATEMENT
Title ग्रंथालय सूचीकरण एक अध्‍ययन
260 ## - PUBLICATION, DISTRIBUTION, ETC. (IMPRINT)
Name of publisher, distributor, etc. मप्र हिन्‍दी ग्रन्‍थ अकादमी
942 ## - ADDED ENTRY ELEMENTS (KOHA)
Koha item type Books
Holdings
Withdrawn status Lost status Damaged status Not for loan Home library Current library Shelving location Date acquired Cost, normal purchase price Total Checkouts Barcode Date last seen Price effective from Koha item type
        MACL MACL General Stacks 11/10/2022 20.00   CLH016329 11/10/2022 11/10/2022 Books